000 00311nam a22001337a 4500
008 170531b xxu||||| |||| 00| 0 eng d
020 _a9780395565001
041 _aeng
080 _a94(7/8)
100 _a17
101 _aSHH
245 _aTHE AMERICAS THROUGH INDIAN EYES
_cWRIGHT..R
942 _2udc
_cBK
999 _c15160
_d15160